Central Library OPAC University of Rajshahi

A treatise on probability / (Record no. 51726)

MARC details
000 -LEADER
fixed length control field 00809nam a2200253 a 4500
001 - CONTROL NUMBER
control field 51726
003 - CONTROL NUMBER IDENTIFIER
rucl marc code BD-RjUL
005 - DATE AND TIME OF LATEST TRANSACTION
control field 20211209075714.0
008 - FIXED-LENGTH DATA ELEMENTS--GENERAL INFORMATION
fixed length control field 160901r19571921nyu b 001 0 eng
020 ## - INTERNATIONAL STANDARD BOOK NUMBER
International Standard Book Number 0404145639
035 ## - SYSTEM CONTROL NUMBER
System control number (BD-RjUL)51846
040 ## - CATALOGING SOURCE
Original cataloging agency BD-RjUL
Language of cataloging eng
Transcribing agency BD-RjUL
Modifying agency BD-RjUL
041 ## - LANGUAGE CODE
Language code of text/sound track or separate title eng
082 ## - DEWEY DECIMAL CLASSIFICATION NUMBER
Classification number 519.2
Edition number 23
Author mark and year KET 1957
100 1# - MAIN ENTRY--PERSONAL NAME
Personal name Keynes, John Maynard,
Dates associated with a name 1883-1946.
9 (RLIN) 154657
245 12 - TITLE STATEMENT
Title A treatise on probability /
Statement of responsibility, etc. John Maynard Keynes
260 ## - PUBLICATION, DISTRIBUTION, ETC. (IMPRINT)
Place of publication, distribution, etc. New York :
Name of publisher, distributor, etc. AMS Press,
Date of publication, distribution, etc. 1921 [ Reprinted 1957 ]
300 ## - PHYSICAL DESCRIPTION
Pagination xi, 466 p. ;
Size 23 cm.
500 ## - GENERAL NOTE
General note Reprint of the 1921 ed. published by Macmillan, London.
504 ## - BIBLIOGRAPHY, ETC. NOTE
Bibliography, etc Includes index and Bibliography: p. 431-458.
650 #0 - SUBJECT ADDED ENTRY--TOPICAL TERM
Topical term or geographic name as entry element Probabilities.
9 (RLIN) 154658
Topical term or geographic name as entry element Probabilities
Form subdivision Bibliography.
9 (RLIN) 154659
942 ## - ADDED ENTRY ELEMENTS (KOHA)
Source of classification or shelving scheme Dewey Decimal Classification
Koha item type Books
Holdings
Lost status Source of classification or shelving scheme Damaged status Not for loan Collection code Permanent Location Current Location Shelving location Date acquired Source of acquisition Cost, normal purchase price Total Checkouts Full call number Date last seen Copy number Koha item type
  Dewey Decimal Classification     Non-fiction Central Library, University of Rajshahi Central Library, University of Rajshahi   07/03/1963 Zeittinger 20.00   519.2 KET 1957 01/09/2016 C-2 Books
  Dewey Decimal Classification     Non-fiction Central Library, University of Rajshahi Central Library, University of Rajshahi   04/12/1968 Zeitlinger 20.00   519.2 KET 1957 03/09/2016 C-3 Books
  Dewey Decimal Classification     Non-fiction Central Library, University of Rajshahi Central Library, University of Rajshahi   04/12/1968 Zeitlinger 20.00   519.2 KET 1957 03/09/2016 C-4 Books
  Dewey Decimal Classification     Non-fiction Central Library, University of Rajshahi Central Library, University of Rajshahi   04/12/1968 Zeitlinger 20.00   519.2 KET 1957 03/09/2016 C-5 Books
  Dewey Decimal Classification     Non-fiction Central Library, University of Rajshahi Central Library, University of Rajshahi   04/12/1968 Zeitlinger 20.00   519.2 KET 1957 03/09/2016 C-6 Books
  Dewey Decimal Classification     Non-fiction Central Library, University of Rajshahi Central Library, University of Rajshahi   10/06/1955 Allies book 10.20   519.2 KET 1952 12/11/2016 C-7 Books